| 000 | 00611nam a22001695i 4500 | ||
|---|---|---|---|
| 001 | 167740 | ||
| 003 | ES-MaACL | ||
| 005 | 20230906213603.0 | ||
| 008 | 000908s1849 ne |||| | fre d | ||
| 100 | 1 |
_aVliet, L. van. _9133817 |
|
| 245 | 1 | 0 |
_aCoup d'oeil sur le budget du Royaume des Pays-Bas / _cpar L. van Vliet. |
| 250 | _a2e éd. | ||
| 260 |
_aLa Haye : _bchez J. & H. van Langenhuysen Frères, _c1849. |
||
| 300 |
_a110 p. ; _c25 cm. |
||
| 651 | 4 |
_aPaíses Bajos- _xSituación económica. _9137304 |
|
| 852 | 4 |
_aES-MaACL _jT-17-F-7 _z- Enc. hol., falto de la cub. original _z- Enc. en un vol. facticio |
|
| 999 |
_c167740 _d167740 |
||